000 01012nas a2200337 4500
001 BR2017000018
003 BR-BrBNA
005 20231205130806.0
007 ta
008 230509b bl.|||p| |||| 00| 00por d
040 _aBR-BrBNA
_bpor
_cBiblioteca Nacional de Agricultura
041 _a(En)
072 _aL73
100 1 _aPrezotto, C.F.
100 1 _aMarin, S.Y.
100 1 _aAraújo, T.S.
100 1 _aBarbosa, F.O.
100 1 _aBarrios, P.R.
100 1 _aGomes, A.M.
100 1 _aPeconick, A.P.
100 1 _aResende, M.
100 1 _aSousa, R.V.
100 1 _aMartins, N.R.S.
245 1 _aExperimental coinfection of chicken anemia virus and Mucoplasma gallisepticum vaccine strains in broiler chicks
650 _aGALINHA
650 _aDOENÇA ANIMAL
650 _aVÍRUS
773 0 _tBrazilian Journal of Poultry Science (Brazil)
_xISSN 1516-635X
_g(Jul-Sep 2016), v. 18(3) p. 475-480
_wBR2017000018
909 _a202311
_bLúcia
_c55
_dLúcia Elande
942 _2AGRIS
_n0
_cANA
999 _c251276
_d251276